Movies Quiz

Random Movies or Letter Quiz
Score 0/26 Timer 05:00
0 Plays Today
Letter Director % Correct
EClint Eastwood
86.6%
NChristopher Nolan
76%
LAng Lee
68.2%
CJames Cameron
66.9%
BDanny Boyle
59.4%
AWoody Allen
55.7%
HRon Howard
54.8%
RRobert Rodriguez
51.9%
SRidley Scott
51.2%
FDavid Fincher
50.6%
MMichael Mann
44.3%
JPeter Jackson
33.8%
KStanley Kubrick
32.2%
Letter Director % Correct
DFrank Darabont
31.6%
WBilly Wilder
30.6%
GPaul Greengrass
29.4%
VPaul Verhoeven
23.5%
TFrancois Truffaut
22.7%
OFrank Oz
11.2%
PAlex Proyas
9.1%
ZFred Zinnemann
8.2%
YPeter Yates
8.1%
IKon Ichikawa
2.9%
UJamie Uys
1.9%
QRichard Quine
1.9%
XJin Xie
1.7%

You're not logged in!

Compare scores with friends on all Sporcle quizzes.
OR
Log In

Sporcle TV

Today on Sporcle TV


Watch our educational content, quiz creation guides, and fun videos on Sporcle TV.

Show Comments

Extras

Top Quizzes Today


Score Distribution

Paid Content

Your Account Isn't Verified!

In order to create a playlist on Sporcle, you need to verify the email address you used during registration. Go to your Sporcle Settings to finish the process.

Report this User

Report this user for behavior that violates our Community Guidelines.

Details: